Statistiques concernant Ces équipes représentent quel pays.

Cliquez ici pour prendre le quiz!

Statistiques générales

  • Ce quiz a été pris 198 fois
  • Le résultat moyen est 11 sur 12

Statistiques - réponses

Réponse% Correct
Argentine
99%
Brésil
99%
France
98%
Portugal
98%
Croatie
97%
Espagne
97%
Maroc
94%
Uruguay
94%
Sénégal
84%
Australie
76%
Danemark
74%
Costa Rica
46%

Distribution des résultats

Percentile par nombre de réponses

% des personnes avec chaque résultat

Votre développement - résultats

Vous n’avez pas pris ce quiz